Statistics for Top 3 Countries in M...

Click here to take the quiz!

General Stats

  • This quiz has been taken 80 times
  • The average score is 24 of 30

Answer Stats

Most ...Country% Correct
Meat consumption per capitaUnited States
100%
United States
100%
United States
100%
United States
100%
United States
100%
France
98%
India
97%
India
97%
Millet productionIndia
97%
India
97%
Movies producedIndia
97%
MuslimsIndonesia
92%
Medals in Winter OlympicsNorway
90%
Medals in Winter OlympicsNorway
90%
United Kingdom
90%
Missionaries sent*Brazil
89%
China
87%
Pakistan
87%
Michelin 3-star restaurantsJapan
84%
Australia
75%
Niger
74%
Miss WorldsVenezuela
74%
Venezuela
74%
Nigeria
69%
Austria
64%
Austria
64%
Murders per capitaHonduras
59%
El Salvador
48%
South Korea
43%
Kuwait
15%

Score Distribution

Percentile by Number Answered

Percent of People with Each Score

Your Score History

You have not taken this quiz